| 000 | 00471nam a22001697a 4500 | ||
|---|---|---|---|
| 005 | 20250521140340.0 | ||
| 008 | 250521b |||||||| |||| 00| 0 eng d | ||
| 020 | _a9780324662672 | ||
| 050 |
_aHD 38.5.M362 MAN _b1 |
||
| 100 | _aLANGLEY, C John ed. | ||
| 245 |
_aManaging supply chains: _bA logistics approach with student CD |
||
| 250 | _a8th | ||
| 260 |
_aAustralia _bSouth- western _c2008c |
||
| 300 | _axxvi,652p | ||
| 700 | _aCOYLE J.John | ||
| 942 |
_2lcc _cBK _e8th _n0 |
||
| 999 |
_c5900 _d5900 |
||